| Tag |
First Indicator |
Second Indicator |
Subfields |
| LEADER |
00000cam a22000001i 4500 |
| 001 |
in00003589621 |
| 006 |
m |o d | |
| 007 |
cr |n||||||||| |
| 008 |
150903s2015 enk o 000 0 eng d |
| 005 |
20250816212752.9 |
| 020 |
|
|
|a 1317568559 (electronic bk.)
|
| 020 |
|
|
|a 9781317568551 (electronic bk.)
|
| 020 |
|
|
|z 9781138827127 (hardback)
|
| 020 |
|
|
|z 1138827126 (hardback)
|
| 024 |
8 |
|
|a 40025184959
|
| 035 |
|
|
|a (NhCcYBP)ebl2194938
|
| 040 |
|
|
|a NhCcYBP
|c NhCcYBP
|d UtOrBLW
|
| 043 |
|
|
|a d------
|
| 050 |
|
4 |
|a HG1975
|b .G56 2015
|
| 082 |
0 |
4 |
|a 332.1/53091724
|2 23
|
| 245 |
0 |
0 |
|a Global economic governance and the development practices of the multilateral development banks /
|c editors, Susan Park and Jonathan R. Strand.
|
| 264 |
|
1 |
|a Abingdon, Oxon ;
|a New York, NY :
|b Routledge,
|c 2015.
|
| 300 |
|
|
|a 1 online resource.
|
| 336 |
|
|
|a text
|b txt
|2 rdacontent
|
| 337 |
|
|
|a computer
|b c
|2 rdamedia
|
| 338 |
|
|
|a online resource
|b cr
|2 rdacarrier
|
| 490 |
1 |
|
|a RIPE series in global political economy
|
| 588 |
|
|
|a Description based on print version record.
|
| 500 |
|
|
|a Electronic resource.
|
| 650 |
|
0 |
|a Development banks.
|0 http://id.loc.gov/authorities/subjects/sh85037347
|
| 650 |
|
0 |
|a Economic policy.
|0 http://id.loc.gov/authorities/subjects/sh85040837
|
| 650 |
|
0 |
|a International economic relations.
|0 http://id.loc.gov/authorities/subjects/sh85067395
|
| 650 |
|
0 |
|a Economic development
|z Developing countries.
|0 http://id.loc.gov/authorities/subjects/sh2009124572
|
| 650 |
|
0 |
|a Economic assistance
|z Developing countries.
|0 http://id.loc.gov/authorities/subjects/sh2008102539
|
| 655 |
|
7 |
|a Electronic books.
|2 local
|
| 700 |
1 |
|
|a Park, Susan,
|d 1976-
|0 http://id.loc.gov/authorities/names/n2010051556
|
| 700 |
1 |
|
|a Strand, Jonathan R.
|0 http://id.loc.gov/authorities/names/n2015024477
|
| 710 |
2 |
|
|a Ebook Library.
|0 http://id.loc.gov/authorities/names/no2011007422
|
| 776 |
1 |
8 |
|c Original
|z 9781138827127
|z 1138827126
|w (DLC) 2015014346
|
| 830 |
|
0 |
|a RIPE series in global political economy.
|0 http://id.loc.gov/authorities/names/no00076381
|
| 856 |
4 |
0 |
|u https://ebookcentral.proquest.com/lib/tamucs/detail.action?docID=2194938
|y Connect to the full text of this electronic book
|t 0
|
| 955 |
|
|
|a YBP purchased approval e-records
|
| 980 |
|
|
|b 195.00
|g 1
|
| 987 |
|
|
|a ybp12591950
|
| 999 |
f |
f |
|s 8954c78f-1c92-3fff-a06d-554c08fdc717
|i 9e3ae316-9eb6-3b75-931d-740e1070a21c
|t 0
|
| 952 |
f |
f |
|a Texas A&M University
|b College Station
|c Electronic Resources
|d Available Online
|t 0
|e HG1975 .G56 2015
|h Library of Congress classification
|
| 998 |
f |
f |
|a HG1975 .G56 2015
|t 0
|l Available Online
|